000 00865nam a2200265Ia 4500
003 OSt
005 20220925222315.0
006 a|||||r|||| 00| 0
007 ta
008 220923b |||||||| |||| 00| 0 eng d
020 _a9781137031822
_c2022.55
037 _b41500, 05/08/2014, Segment Book Distrobutors
_cGeneral Book
040 _aRTL
_cRTL
_beng
041 _2eng
_aeng
082 _aYxM58:g(X:9), Q3
100 _aLUKES Steven
_980433
245 0 _aEmile Durkheim
_b The division of labour in society. Translated by W.D.Halls
250 _a2nd
260 _aLondon
_bPalgrave Macmillan
_c2013
300 _aliii,370p.
_ccm.
500 _aBibliography chapterwsie
650 _aSociology
942 _hYxM58:g(X:9), Q3
_cGB
_2CC
999 _c576655
_d576655